000
00249nam a2200097Ia 4500
001
1112330
005
20250827003928.0
008
250824s9999 xx 000 0 und d
245
0
_a
GEÇMİŞTEN GÜNÜMÜZE KUDÜS
_c
ANONİM
260
_b
KÜLTÜR A.Ş
999
_c
1112330
_d
1112330